000 00426nam a2200145Ia 4500
008 230917s9999||||xx |||||||||||||| ||und||
040 _e66968
_aMAIN
041 _aEnglish
082 _a891.28 B489N
100 _aBejai Singh
245 0 _aNyayavali: Sanskrit maxins and proverbs:Text in Sanskrit and thoroughly translated and explained in Hindi and English
260 _aDelhi
_bNag
_c1980
300 _a104 p.
942 _cBK
999 _c80459
_d80459